Statistiques concernant Clips d'Angèle par image

Cliquez ici pour prendre le quiz!

Statistiques générales

  • Ce quiz a été pris 127 fois
  • Le résultat moyen est 8 sur 13

Statistiques - réponses

Réponse% Correct
Balance ton quoi
97%
Tout Oublier
85%
La Loi de Murphy
75%
Démons
65%
Flou
64%
Bruxelles je t'aime
63%
Jalousie
59%
Je veux tes Yeux
57%
La Thune
57%
Libre
55%
Oui ou Non
53%
Amour Haine & Danger
43%
Le Temps fera les Choses
37%

Distribution des résultats

Percentile par nombre de réponses

% des personnes avec chaque résultat

Votre développement - résultats

Vous n’avez pas pris ce quiz